000 00294nam a22001337a 4500
008 170425b xxu||||| |||| 00| 0 eng d
020 _a0030578042
041 _aeng
080 _25 ED
_a54
100 _a12
101 _aSHM
245 _aCHEM,ICAL PRINCIPLES
_cSLOWINSKI.M
942 _2udc
_cBK
999 _c11975
_d11975